Popularne zagraniczne piosenki w Polsce. 28.05-03.06 Spotify - Statystyki

Ogólne statystyki
  • Ten quiz został rozwiązany 10 razy
  • Średni wynik to 5 z 30
Statystyki odpowiedzi
Wykonawca Odsłuchania Utwór % Poprawnych
Maneskin 1.35M I WANNA BE YOUR SLAVE
71%
Maneskin 313K Beggin'
57%
Olivia Rodrigo 297K drivers license
57%
Maneskin 1.07M ZITTI E BUONI
43%
Tom Odell 232K Another Love
29%
Bella Poarch 243K Build a Bitch
29%
Olivia Rodrigo 324K deja vu
29%
Imagine Dragons 284K Follow You
29%
Olivia Rodrigo 733K good 4 u
29%
Dua Lipa, DaBaby 407K Levitating
29%
The Weeknd, Ariana Grande 305K Save Your Tears (Remix)
29%
Harry Styles 243K Watermelon Sugar
29%
Masked Wolf 427K Astronaut In The Ocean
14%
BTS 404K Butter
14%
Doja Cat, SZA 349K Kiss Me More
14%
Go_A 253K SHUM
14%
The Neighbourhood 217K Sweater Weather
14%
Maneskin 221K Torna a casa
14%
The Weeknd 266K Blinding Lights
0%
Maneskin 389K CORALINE
0%
Riton, Nightcrawlers, Mufasa, Hypeman 539K Friday
0%
Joel Corry, MNEK 221K Head & Heart
0%
Tom Grennan 273K Little Bit of Love
0%
Lil Nas X 442K MONTERO (Call Me By Your Name)
0%
Justin Bieber, Daniel Caesar, Giveon 342K Peaches
0%
Majestic, Boney M. 346K Rasputin
0%
Tiesto 299K The Business
0%
Ofenbach, Lagique 237K Wasted Love
0%
Toby Romeo, Felix Jaehn, FAULHABER 237K Where The Lights Are Low
0%
ATB, Topic, A7S 296K Your Love (9PM)
0%
Nie znaleziono quizów pasujących do podanych kryteriów
Rozkład punktacji
Procent ludzi z każdym wynikiem
Percentyl według liczby udzielonych odpowiedzi
Twoja historia wyników
Nie rozwiązałeś tego quizu